000 01041nam a2200325 a 4500
001 4371791
003 OSt
005 20230623122407.0
008 901108s1990 onc b f001 0 eng
010 _a 90213923
020 _a0660557533
040 _aDLC
_cDLC
041 0 _aengfre
043 _an-cn---
082 0 0 _a328.71/05
_220
_bCPHC
110 1 _aCanada.
_bParliament.
_bHouse of Commons.
245 1 0 _aPrécis of procedure.
250 _a3rd ed.
260 _a[Ottawa, Ont.] :
_bTable Research Branch,
_cc1990.
300 _aiii, 153, 167, iii p. ;
_c25 cm.
500 _aEnglish and French.
500 _aTitle on added t.p.: Précis de procédure.
500 _aErrata slip inserted.
504 _aIncludes bibliographical references and index.
610 1 0 _aCanada.
_bParliament.
_bHouse of Commons
_xRules and practice.
740 0 _aPrécis de procédure.
906 _a7
_bcbc
_corignew
_d2
_encip
_f19
_gy-gencatlg
942 _2ddc
_cBK
999 _c2488
_d2488